| 000 | 01240nam a22002777a 4500 | ||
|---|---|---|---|
| 001 | EIF-V-2003-M4-001 | ||
| 003 | OSt | ||
| 005 | 20221114160555.0 | ||
| 008 | 221114b |||||||| |||| 00| 0 eng d | ||
| 040 |
_aFundación Jesús Pereda _cFundación Jesús Pereda |
||
| 041 | _aCastellano | ||
| 100 |
_aMaza Zorrilla, Elena _9478 |
||
| 111 |
_aEncuentro de Investigadores del Franquismo _c(Albacete. _d2003. _n5º) _997 |
||
| 245 |
_aQuerer y poder. _bFuentes para el estudio asociativo durante el franquismo en Castilla-León _c/Elena Maza Zorrilla, Rafael Serrano, Laura Serrano, Pilar Calvo, José Vidal Pelaz López, Francisco Carantoña Álvarez y Félix Castrillejo Ibáñez |
||
| 650 | 0 |
_990 _aFuentes para la investigación histórica |
|
| 651 | 0 |
_9225 _aCastilla y León |
|
| 700 |
_aSerrano, Rafael _9479 |
||
| 700 |
_aSerrano, Laura _9480 |
||
| 700 |
_aCalvo, Pilar _9481 |
||
| 700 |
_b _aPelaz López, José-Vidal _9482 |
||
| 700 |
_aCarantoña Álvarez, Francisco _9483 |
||
| 700 |
_aCastrillejo Ibáñez, Félix _9484 |
||
| 773 | _tActas del V Encuentro de Investigadores del Franquismo | ||
| 856 | _uhttps://bibliotecaccoocyl.fundacionjesuspereda.es/cgi-bin/koha/opac-retrieve-file.pl?id=091e5b5d4532e8cd8a4487d08e8b10d8 | ||
| 942 |
_2ddc _cCF _n0 |
||
| 999 |
_c307 _d307 |
||